América Latina: petróleo y política
Tallennettuna:
| Yhteisötekijä: | |
|---|---|
| Aineistotyyppi: | Teksti |
| Julkaistu: |
Moscú:
AC.URSS
|
| Tagit: |
Lisää tagi
Ei tageja, Lisää ensimmäinen tagi!
|
MARC
| LEADER | 00000 a a2200000 04500 | ||
|---|---|---|---|
| 001 | 23063 | ||
| 003 | |||
| 040 | |||
| 090 | |a 159000 | ||
| 110 | |a Academia de Ciencias de la URSS | ||
| 245 | |a América Latina: petróleo y política | ||
| 260 | |a Moscú: |b AC.URSS | ||
| 300 | |a 159 p; vol. 28 |b **no definido** | ||
| 999 | |c 16764 |d 16764 | ||
